| 000 | 00864cab a2200229 4500 | ||
|---|---|---|---|
| 001 | WB2840-31 | ||
| 008 | 090401t1992 xxu||||| |||| 00| 0 eng d | ||
| 035 | _a(Sirsi) u38999 | ||
| 041 | _aeng | ||
| 245 | _aCharging order | ||
| 260 | _c1992 | ||
| 350 | _a0 | ||
| 490 |
_aTimes _v14 October 1992, 35(1) |
||
| 520 | _a"Clark and another v Chief Land Registrar and another" ChD 28 August 1992. Where land was held on a statutory trust for sale, the court had no jurisdiction to make a charging order over the trust property under s2(1)(a) (i) of the Charging Orders Act 1979, but it did have jurisdiction to grant such an order under s2(1)(b)(i). | ||
| 650 | _aCHARGING ORDERS ACT 1979 | ||
| 650 | _aLAND REGISTRATION ACT 1925 | ||
| 650 | _aHM LAND REGISTRY | ||
| 650 | _aTRUST FOR SALE | ||
| 690 | _aLAND-CASE LAW | ||
| 942 | _n0 | ||
| 948 | _c04/03/1997 | ||
| 999 |
_c25001 _d25001 |
||